000 00803nam a2200217 a 4500
001 64382
003 BD-RjUL
005 20211209081312.0
008 170214s1968 ii ||||| |||| 00| 0 eng d
035 _a(BD-RjUL)64512
040 _aBD-RjUL
_bben
_cBD-RjUL
041 _aben
082 _223
_a891.44408
_bCHB 1968
100 _aচক্রবর্তী, বিহারীলাল
_9189229
245 _aবিহারীলাল-রচনাসম্ভার /
_cবিহারীলাল চক্রবর্তী
260 _aকলিকাতা :
_bমিত্র ও ঘোষ,
_c১৯৬৮.
300 _a৪৫০ পৃ.
_cসেমি.
650 _aবাংলা রচনা
_vসম্ভার
_9178599
650 _aBengali Essays
_vCollection
_9191071
942 _2ddc
_cBK
999 _c64382
_d64382